Southville International School and Colleges
Your cart is empty.
  • Cart
  • Lists
    Public lists Eva Luna New books Lux_list list_1
    Your lists Log in to create your own lists
  • Log in to your account
  • Your cookies
  • Search history
Southville International School and Colleges
  • Advanced search
  • Recent comments
  • Most popular
  • Libraries

Log in to your account

Log in with GOOGLE


If you do not have an external account, but do have a local account, you can still log in:

  1. Home
  2. MARC view: Creative teachers, creative students /
Normal view MARC view ISBD view

Creative teachers, creative students / (Record no. 632)

[ view plain ]
MARC details
000 -LEADER
fixed length control field 00974cam a2200301 a 4500
001 - CONTROL NUMBER
control field 2088072
003 - CONTROL NUMBER IDENTIFIER
control field OSt
005 - DATE AND TIME OF LATEST TRANSACTION
control field 20140310181634.0
008 - FIXED-LENGTH DATA ELEMENTS--GENERAL INFORMATION
fixed length control field 951207s1997 mau b 000 0 eng
010 ## - LIBRARY OF CONGRESS CONTROL NUMBER
LC control number 95026769
020 ## - INTERNATIONAL STANDARD BOOK NUMBER
International Standard Book Number 0205195687
040 ## - CATALOGING SOURCE
Original cataloging agency DLC
Transcribing agency DLC
Modifying agency DLC
050 00 - LIBRARY OF CONGRESS CALL NUMBER
Classification number LB 1590.5
Item number .B141 1997
082 00 - DEWEY DECIMAL CLASSIFICATION NUMBER
Classification number TR 370.15
Item number B34 1997
100 1# - MAIN ENTRY--PERSONAL NAME
Personal name Baer, John.
245 10 - TITLE STATEMENT
Title Creative teachers, creative students /
Statement of responsibility, etc John Baer.
260 ## - PUBLICATION, DISTRIBUTION, ETC. (IMPRINT)
Place of publication, distribution, etc Boston :
Name of publisher, distributor, etc Allyn and Bacon,
Date of publication, distribution, etc c1997.
300 ## - PHYSICAL DESCRIPTION
Extent xii, 173 p. ;
Dimensions 24 cm.
500 ## - GENERAL NOTE
General note Includes bibliographical references.
520 ## - SUMMARY, ETC.
Summary, etc 1. Creativity--study and teaching
521 ## - TARGET AUDIENCE NOTE
Target audience note
541 ## - IMMEDIATE SOURCE OF ACQUISITION NOTE
-- 1
562 ## - COPY AND VERSION IDENTIFICATION NOTE
Number of copies For circulation one copy in the collection
650 #0 - SUBJECT ADDED ENTRY--TOPICAL TERM
Topical term or geographic name as entry element Creative ability
General subdivision Study and teaching.
906 ## - LOCAL DATA ELEMENT F, LDF (RLIN)
a 7
b cbc
c orignew
d 1
e ocip
f 19
g y-gencatlg
942 ## - ADDED ENTRY ELEMENTS (KOHA)
Source of classification or shelving scheme Library of Congress Classification
Koha item type
Call number prefix
Holdings
Withdrawn status Lost status Source of classification or shelving scheme Damaged status Home library Current library Shelving location Date acquired Total Checkouts Full call number Barcode Date last seen Copy number Price effective from Koha item type
    Library of Congress Classification   Luxembourg Library Luxembourg Library Teachers Reference Section 03/17/2012   LB 1590.5 .B141 1997 3192 08/13/2013 1 10/03/2013 Books

Creative teachers, creative students /

APA

Baer J., . (1997). Creative teachers, creative students. Boston: Allyn and Bacon.

Chicago

Baer John, . 1997. Creative teachers, creative students. Boston: Allyn and Bacon.

Harvard

Baer J., . (1997). Creative teachers, creative students. Boston: Allyn and Bacon.

MLA

Baer John, . Creative teachers, creative students. Boston: Allyn and Bacon. 1997.

  • Place hold
  • Print
  • Cite
  • Add to your cart (remove)
  • Save record
    BIBTEX Dublin Core MARCXML MARC (non-Unicode/MARC-8) MARC (Unicode/UTF-8) MARC (Unicode/UTF-8, Standard) MODS (XML) RIS
  • More searches
    Search for this title in:
    Other Libraries (WorldCat) Other Databases (Google Scholar) Online Stores (Bookfinder.com) Open Library (openlibrary.org)

Exporting to Dublin Core...

SOUTHVILLE LIBRARY

Southville International School and Colleges Library

1281 Tropical Ave. Cor. Luxembourg St., BF Homes International, Las Pinas City

Tel. No. 8256374 / 252358 Loc. 117/146

Powered by Koha